Nghề thủ công truyền thống Việt Nam và các vị tổ nghề
Giới thiệu một số các ngành nghề, làng nghề, phố nghề truyền thống Việt Nam. Các vị Tổ nghề và các nghề thủ công truyền thống Việt Nam như: nghề đồng, nghề rèn sắt, nghề kim hoàn, nghề làm lược, khắc ván in, nghề tạc tượng, nghề sơn vẽ, nghề chế tạo súng......
Gespeichert in:
| 1. Verfasser: | |
|---|---|
| Weitere Verfasser: | |
| Format: | Buch |
| Sprache: | Vietnamese |
| Veröffentlicht: |
H.
Văn hoá Thông tin
2014
|
| Schlagworte: | |
| Tags: |
Tag hinzufügen
Keine Tags, Fügen Sie den ersten Tag hinzu!
|
| Thư viện lưu trữ: | Mạng thư viện Đại học Đà Nẵng |
|---|
| LEADER | 01954aam a22004098a 4500 | ||
|---|---|---|---|
| 001 | 000020582 | ||
| 003 | 17028 | ||
| 005 | 20150327150339.0 | ||
| 008 | 150323s2014 viesd | ||
| 020 | |d 2000b | ||
| 041 | 0 | |a vie | |
| 082 | 0 | 4 | |2 23 |a 680.09597 |b TR-V |
| 100 | 1 | |a Trần Quốc Vượng | |
| 245 | 1 | 0 | |a Nghề thủ công truyền thống Việt Nam và các vị tổ nghề |c Trần Quốc Vượng, Đỗ Thị Hảo |
| 260 | |a H. |b Văn hoá Thông tin |c 2014 | ||
| 300 | |a 211 tr. |c 21 cm. | ||
| 500 | |a ĐTTS ghi: Hội Văn nghệ dân gian Việt Nam | ||
| 504 | |a Phụ lục: tr. 149-174. - Thư mục: tr. 199-201 | ||
| 520 | |a Giới thiệu một số các ngành nghề, làng nghề, phố nghề truyền thống Việt Nam. Các vị Tổ nghề và các nghề thủ công truyền thống Việt Nam như: nghề đồng, nghề rèn sắt, nghề kim hoàn, nghề làm lược, khắc ván in, nghề tạc tượng, nghề sơn vẽ, nghề chế tạo súng... | ||
| 650 | 0 | 4 | |a Nghề thủ công truyền thống |x Tổ nghề |z Việt Nam |
| 650 | 7 | |2 Bộ TK TVQG | |
| 651 | 7 | |2 Bộ TK TVQG |a Việt Nam | |
| 653 | |a Tổ nghề | ||
| 653 | |a Nghề thủ công truyền thống | ||
| 700 | 1 | |a Đỗ Thị Hảo | |
| OWN | |a LSP | ||
| AVA | |a UDN50 |b LNN |d 895.922 TR-V |e available |t Error 5001 Not defined in file expand_doc_bib_avail. |f 1 |g 0 |h N |i 0 | ||
| AVA | |a UDN50 |b LSP |d 680.09597 TR-V |e available |t Error 5001 Not defined in file expand_doc_bib_avail. |f 1 |g 0 |h N |i 0 |k 1 | ||
| 999 | |a From the UDN01 | ||
| AVA | |a UDN50 |b LNN |d 895.922 TR-V |e available |t Error 5001 Not defined in file expand_doc_bib_avail. |f 1 |g 0 |h N |i 0 | ||
| AVA | |a UDN50 |b LSP |d 680.09597 TR-V |e available |t Error 5001 Not defined in file expand_doc_bib_avail. |f 1 |g 0 |h N |i 0 |k 1 | ||
| TYP | |a Monograph | ||
| TYP | |a Printed language | ||
| 980 | |a Mạng thư viện Đại học Đà Nẵng | ||